[Event "RUS-chT2"]
[Site "Sochi"]
[Date "2023.05.02"]
[Round "2.2"]
[White "Komov, Roman"]
[Black "Polukhin, Alexander"]
[Result "1/2-1/2"]
[WhiteElo "2335"]
[BlackElo "2075"]
[PlyCount "110"]
[EventDate "2023.05.01"]
[EventType "team-swiss"]
[EventRounds "9"]
[EventCountry "RUS"]
[SourceTitle "CBM 214 Extra"]
[Source "ChessBase"]
[SourceDate "2023.07.31"]
[SourceVersion "1"]
[SourceVersionDate "2023.07.31"]
[SourceQuality "1"]
[WhiteTeam "Krasnoyarsk Region Enisey"]
[BlackTeam "Lipetsk Region"]
[WhiteTeamCountry "RUS"]
[BlackTeamCountry "RUS"]

1. d4 d5 2. c4 c6 3. Nf3 Nf6 4. Nc3 e6 5. e3 Nbd7 6. Qc2 Bd6 7. Bd3 dxc4 8. Bxc4 b5 9. Be2 Bb7 10. 0-0 0-0 11. Rd1 Qc7 12. a3 a5 13. h3 b4 14. Na4 c5 15. dxc5 Be4 16. Qc4 Bd5 17. cxd6 Bxc4 18. dxc7 Bxe2 19. Rd6 Rac8 20. Nd4 Bc4 21. axb4 axb4 22. Bd2 Rxc7 23. Rc1 Rfc8 24. Bxb4 Bd5 25. Rxc7 Rxc7 26. Nc3 h6 27. Ba5 Rb7 28. b4 Ne5 29. Rd8+ Kh7 30. Ncb5 Nc6 31. Nxc6 Rxb5 32. Nd4 Rb7 33. f3 Bc4 34. e4 Nd7 35. f4 Nf6 36. Nf3 Nxe4 37. Nd2 Nxd2 38. Rxd2 Kg6 39. Kf2 h5 40. g4 hxg4 41. hxg4 Rb8 42. Ke3 Rb5 43. Rd4 Bf1 44. Bc7 Bg2 45. Bd6 Rd5 46. Rxd5 Bxd5 47. b5 f6 48. Kd4 Bf3 49. b6 e5+ 50. Kc5 exf4 51. Bxf4 Kf7 52. Kd6 g5 53. Be3 f5 54. gxf5 Kf6 55. Bxg5+ Kxf5 1/2-1/2

[Event "Chigorin Memorial 29th"]
[Site "St Petersburg"]
[Date "2022.10.28"]
[Round "7"]
[White "Polukhin, Alexander"]
[Black "Sharikov, Alexander"]
[Result "0-1"]
[WhiteElo "1979"]
[BlackElo "2151"]
[PlyCount "112"]
[EventDate "2022.10.22"]
[EventType "swiss"]
[EventRounds "9"]
[EventCountry "RUS"]
[SourceTitle "EXT 2024"]
[Source "ChessBase"]
[SourceDate "2023.10.10"]
[SourceVersion "1"]
[SourceVersionDate "2023.10.10"]
[SourceQuality "1"]

1. d4 d5 2. Bf4 Nf6 3. e3 e6 4. Nf3 Bd6 5. Ne5 0-0 6. Nd2 c5 7. c3 b6 8. Qf3 Ba6 9. Bxa6 Nxa6 10. Bg5 Nb8 11. 0-0 Be7 12. Rad1 Nfd7 13. Nxd7 Nxd7 14. Bf4 cxd4 15. exd4 b5 16. Rfe1 Re8 17. Qd3 Qb6 18. Re3 Rac8 19. a3 a5 20. b4 a4 21. Rde1 Qc6 22. h4 Bd8 23. h5 Bc7 24. Bxc7 Rxc7 25. Rg3 h6 26. Ree3 Nf6 27. Qe2 Kf8 28. Rh3 Rb8 29. f4 Ne8 30. g4 Nd6 31. Re5 Re8 32. Rhe3 Qd7 33. f5 exf5 34. Rxd5 Rxc3 35. Rxe8+ Qxe8 36. Qxe8+ Nxe8 37. Rxb5 fxg4 38. Ra5 Rxa3 39. Nc4 Rd3 40. d5 Rd4 41. Rc5 a3 42. Nxa3 Rxb4 43. Nc4 Ke7 44. Kg2 Rb3 45. Rc6 Rd3 46. Nb6 Nd6 47. Kf2 g3+ 48. Kg2 Nf5 49. Rc7+ Kf6 50. Nd7+ Kg5 51. Ne5 Nh4+ 52. Kh3 g2+ 53. Kh2 Rd1 54. Nf3+ Nxf3+ 55. Kxg2 Nh4+ 56. Kf2 Rxd5 0-1

[Event "Minsk op"]
[Site "Minsk"]
[Date "2022.08.11"]
[Round "9"]
[White "Vershinin, Igor1111"]
[Black "Polukhin, Alexander"]
[Result "0-1"]
[WhiteElo "1904"]
[BlackElo "2169"]
[PlyCount "61"]
[EventDate "2022.08.03"]
[EventType "swiss"]
[EventRounds "9"]
[EventCountry "BLR"]
[SourceTitle "CBM 209 Extra"]
[Source "ChessBase"]
[SourceDate "2022.09.30"]
[SourceVersion "1"]
[SourceVersionDate "2022.09.30"]
[SourceQuality "1"]

1. e4 e6 2. d4 d5 3. Nc3 Bb4 4. e5 Ne7 5. Qg4 c5 6. a3 Bxc3+ 7. bxc3 cxd4 8. cxd4 Qc7 9. Ra2 0-0 10. Bd3 f5 11. exf6 Rxf6 12. Qh5 g6 13. Qh4 Rf7 14. Nf3 Nf5 15. Bxf5 Rxf5 16. 0-0 Nc6 17. Re1 Rh5 18. Qg3 Qxg3 19. hxg3 Rf5 20. Bf4 Bd7 21. Bd6 Rc8 22. g4 Rf7 23. c3 h6 24. g5 h5 25. Be5 Rxf3 26. gxf3 Nxe5 27. Rxe5 Rxc3 28. Rb2 b6 29. Re3 Rc4 30. Rd3 Ba4 31. Kg2 0-1

[Event "Alushta Rapid op"]
[Site "Alushta"]
[Date "2022.07.04"]
[Round "5"]
[White "Hasangatin, Ramil"]
[Black "Polukhin, Alexander"]
[Result "1-0"]
[WhiteElo "2465"]
[BlackElo "2139"]
[PlyCount "57"]
[EventDate "2022.07.03"]
[EventType "swiss (rapid)"]
[EventRounds "11"]
[EventCountry "UKR"]
[SourceTitle "CBM 209 Extra"]
[Source "ChessBase"]
[SourceDate "2022.09.30"]
[SourceVersion "1"]
[SourceVersionDate "2022.09.30"]
[SourceQuality "1"]

1. e4 e6 2. d3 c5 3. Nf3 Nc6 4. g3 g6 5. d4 cxd4 6. Nxd4 Bg7 7. Nb5 Nf6 8. Qd6 Ne7 9. Nc7+ Kf8 10. Nxa8 Nxe4 11. Qc7 Qe8 12. Bg2 f5 13. Bxe4 fxe4 14. Nc3 d5 15. Bg5 Nc6 16. Nb5 Qd7 17. Nd6 Qxc7 18. Nxc7 Bd7 19. 0-0-0 Be5 20. Nxd5 exd5 21. Rxd5 Be6 22. Rxe5 Nxe5 23. Bf6 Rg8 24. Bxe5 Ke7 25. Nxe4 Bd5 26. Re1 Rc8 27. Nc3 Bc6 28. Bb8+ Kf7 29. Bxa7 1-0

[Event "RUS-chT2"]
[Site "Sochi"]
[Date "2022.05.07"]
[Round "6.1"]
[White "Voinikonis, Nikita"]
[Black "Polukhin, Alexander"]
[Result "0-1"]
[WhiteElo "2086"]
[BlackElo "2170"]
[PlyCount "52"]
[EventDate "2022.05.01"]
[EventType "team-swiss"]
[EventRounds "9"]
[EventCountry "RUS"]
[SourceTitle "CBM 208 Extra"]
[Source "ChessBase"]
[SourceDate "2022.07.31"]
[SourceVersion "1"]
[SourceVersionDate "2022.07.31"]
[SourceQuality "1"]
[WhiteTeam "Moscow Temus Tim"]
[BlackTeam "Voronezh Inleksis"]
[WhiteTeamCountry "RUS"]
[BlackTeamCountry "RUS"]

1. e4 e6 2. d4 d5 3. Nc3 Bb4 4. e5 Ne7 5. a3 Bxc3+ 6. bxc3 c5 7. h4 Qc7 8. h5 h6 9. Qg4 cxd4 10. Ne2 Qxe5 11. cxd4 Qf6 12. Rb1 0-0 13. a4 Nbc6 14. Ba3 Re8 15. Rd1 Bd7 16. Rh3 Rac8 17. Rf3 Nf5 18. Rfd3 e5 19. c3 Rc7 20. dxe5 Nxe5 21. Qf4 Nxd3+ 22. Rxd3 Rc4 23. Qd2 Rxa4 24. Bb2 Rae4 25. f3 Qh4+ 26. Kd1 Ne3+ 0-1

[Event "RUS-chT2"]
[Site "Sochi"]
[Date "2022.05.03"]
[Round "3.1"]
[White "Polukhin, Alexander"]
[Black "Khubukshanov, Erdem"]
[Result "0-1"]
[WhiteElo "2170"]
[BlackElo "2392"]
[PlyCount "102"]
[EventDate "2022.05.01"]
[EventType "team-swiss"]
[EventRounds "9"]
[EventCountry "RUS"]
[SourceTitle "CBM 208 Extra"]
[Source "ChessBase"]
[SourceDate "2022.07.31"]
[SourceVersion "1"]
[SourceVersionDate "2022.07.31"]
[SourceQuality "1"]
[WhiteTeam "Voronezh Inleksis"]
[BlackTeam "Novosibirsk Region"]
[WhiteTeamCountry "RUS"]
[BlackTeamCountry "RUS"]

1. e4 c5 2. c4 Nc6 3. Nc3 g6 4. g3 Bg7 5. Bg2 a6 6. a3 Rb8 7. Nge2 b5 8. cxb5 axb5 9. b4 d6 10. Rb1 c4 11. 0-0 Ne5 12. d4 cxd3 13. Nf4 Bg4 14. f3 Bd7 15. Nxd3 Nc4 16. Nd5 Nf6 17. Ne3 Qb6 18. Qe2 0-0 19. Kh1 Ra8 20. Nf4 Nxa3 21. Ra1 Nc4 22. Ned5 Nxd5 23. Nxd5 Qb7 24. Nxe7+ Kh8 25. Rxa8 Rxa8 26. Rd1 Ra1 27. h4 Qa7 28. Bf4 Ra2 29. Qf1 Qa4 30. Nd5 h5 31. e5 Qc2 32. Rc1 Qf5 33. Ne7 Qe6 34. exd6 Be5 35. Bxe5+ Qxe5 36. f4 Qxd6 37. Nd5 Bc6 38. Rd1 Rxg2 39. Qxg2 Ne3 40. Qb2+ Kg8 41. Rd4 Bxd5+ 42. Kg1 Qb6 43. Kh2 Nf1+ 44. Kg1 Nxg3 45. Kh2 Nf1+ 46. Kg1 Ne3 47. Kh2 Qf6 48. Kh3 Nf5 49. Rxd5 Qxb2 50. Rd8+ Kh7 51. Rh8+ Qxh8 0-1

[Event "Black Sea GP Blitz"]
[Site "Evpatoria"]
[Date "2021.10.30"]
[Round "6"]
[White "Krepkiy, Igor"]
[Black "Polukhin, Alexander"]
[Result "0-1"]
[WhiteElo "1439"]
[BlackElo "2152"]
[PlyCount "52"]
[EventDate "2021.10.30"]
[EventType "swiss (blitz)"]
[EventRounds "13"]
[EventCountry "UKR"]
[SourceTitle "EXT 2023"]
[Source "ChessBase"]
[SourceDate "2022.10.05"]
[SourceVersion "1"]
[SourceVersionDate "2022.10.05"]
[SourceQuality "1"]

1. d4 d5 2. c4 c6 3. Nc3 e6 4. Nf3 dxc4 5. e4 b5 6. a4 Bb4 7. Bd2 a5 8. axb5 Bxc3 9. Bxc3 cxb5 10. b3 Bb7 11. bxc4 b4 12. Bb2 Bxe4 13. Bd3 Bb7 14. 0-0 Nf6 15. d5 0-0 16. d6 Nbd7 17. Rc1 Nc5 18. Bb1 a4 19. Be5 a3 20. Ba2 Bc6 21. Bd4 Nfd7 22. Ne5 Nxe5 23. Bxc5 Qg5 24. f3 Nxf3+ 25. Rxf3 Bxf3 26. Qxf3 Qxc5+ 0-1

[Event "Black Sea GP Blitz"]
[Site "Evpatoria"]
[Date "2021.10.30"]
[Round "13"]
[White "Polukhin, Alexander"]
[Black "Petrov, Nikita"]
[Result "1/2-1/2"]
[WhiteElo "2152"]
[BlackElo "2539"]
[PlyCount "66"]
[EventDate "2021.10.30"]
[EventType "swiss (blitz)"]
[EventRounds "13"]
[EventCountry "UKR"]
[SourceTitle "EXT 2023"]
[Source "ChessBase"]
[SourceDate "2022.10.05"]
[SourceVersion "1"]
[SourceVersionDate "2022.10.05"]
[SourceQuality "1"]

1. e4 c5 2. c4 Nc6 3. Nc3 g6 4. g3 Bg7 5. Bg2 d6 6. d3 Nf6 7. Nge2 0-0 8. 0-0 Rb8 9. h3 a6 10. a4 Ne8 11. Be3 Nc7 12. d4 cxd4 13. Nxd4 Ne6 14. Nde2 Nc5 15. b3 Qa5 16. Bd2 Qd8 17. Rb1 b6 18. Be3 Bb7 19. Qd2 a5 20. Bh6 Bxh6 21. Qxh6 e6 22. Rfd1 Qe7 23. Nb5 Rbd8 24. Qf4 e5 25. Qe3 Nb4 26. Nec3 Rd7 27. h4 Bc6 28. Bh3 Rdd8 29. Rd2 Bd7 30. Bxd7 Rxd7 31. Nd5 Nxd5 32. Rxd5 Qe6 33. Rbd1 Rfd8 1/2-1/2

[Event "Black Sea GP Rapid"]
[Site "Evpatoria"]
[Date "2021.10.29"]
[Round "8"]
[White "Polukhin, Alexander"]
[Black "Kamenskaya, Marina"]
[Result "0-1"]
[WhiteElo "2152"]
[BlackElo "1465"]
[PlyCount "66"]
[EventDate "2021.10.28"]
[EventType "swiss (rapid)"]
[EventRounds "9"]
[EventCountry "UKR"]
[SourceTitle "CBM 204 Extra"]
[Source "ChessBase"]
[SourceDate "2021.11.30"]
[SourceVersion "1"]
[SourceVersionDate "2021.11.30"]
[SourceQuality "1"]

1. e4 e5 2. Nf3 Nc6 3. d4 exd4 4. Bc4 Bc5 5. 0-0 Nf6 6. e5 d5 7. exf6 dxc4 8. fxg7 Rg8 9. Re1+ Be6 10. Bg5 Qd6 11. Nbd2 Qd5 12. Ne4 Be7 13. Nf6+ Bxf6 14. Bxf6 Qf5 15. Bh4 Rxg7 16. Nxd4 Nxd4 17. Qxd4 Qg4 18. Qe4 Qxe4 19. Rxe4 Kd7 20. Rd1+ Kc6 21. f3 Bd5 22. Re3 Rg6 23. Kf2 Be6 24. Re5 Re8 25. Rd4 b5 26. f4 f6 27. Rh5 Bg4 28. Rxh7 Re2+ 29. Kf1 Rxc2 30. h3 Be2+ 31. Ke1 Rxg2 32. Bxf6 Bd3 33. Rxd3 Rg1# 0-1

[Event "Black Sea GP Rapid"]
[Site "Evpatoria"]
[Date "2021.10.28"]
[Round "5"]
[White "Pridorozhni, Aleksei"]
[Black "Polukhin, Alexander"]
[Result "1-0"]
[WhiteElo "2564"]
[BlackElo "2152"]
[PlyCount "103"]
[EventDate "2021.10.28"]
[EventType "swiss (rapid)"]
[EventRounds "9"]
[EventCountry "UKR"]
[SourceTitle "CBM 204 Extra"]
[Source "ChessBase"]
[SourceDate "2021.11.30"]
[SourceVersion "1"]
[SourceVersionDate "2021.11.30"]
[SourceQuality "1"]

1. e4 e6 2. d4 d5 3. Nc3 Bb4 4. exd5 exd5 5. Bd3 Nc6 6. a3 Bxc3+ 7. bxc3 Nge7 8. Qf3 Be6 9. Ne2 Qd7 10. Ng3 Bg4 11. Qf4 Ng6 12. Qe3+ Qe6 13. f3 Qxe3+ 14. Bxe3 Be6 15. h4 Nge7 16. Nh5 0-0 17. g4 Rfe8 18. Kf2 Nc8 19. Bf4 Re7 20. Rhe1 Nb6 21. Re2 Na5 22. Rae1 Nac4 23. Bc1 Rae8 24. f4 Nc8 25. f5 Bd7 26. Rxe7 Rxe7 27. Rxe7 Nxe7 28. f6 g6 29. Nf4 Nc6 30. Nxd5 Nd6 31. g5 Nf5 32. Nxc7 Nxh4 33. Bf4 Nf5 34. d5 Nd8 35. Nb5 a6 36. Nd4 Nxd4 37. cxd4 Kf8 38. Bc7 Ke8 39. Bb6 Ba4 40. c4 Kd7 41. Be2 Bb3 42. Ke3 Bc2 43. Bg4+ Ke8 44. Kf4 Bb3 45. Be2 Kd7 46. Ke5 Ba2 47. Bg4+ Ke8 48. Kd6 Nc6 49. dxc6 bxc6 50. Kxc6 Bxc4 51. d5 Bb5+ 52. Kc7 1-0

[Event "Black Sea GP"]
[Site "Evpatoria"]
[Date "2021.10.20"]
[Round "2"]
[White "Polukhin, Alexander"]
[Black "Truskavetsky, Alexandr"]
[Result "1-0"]
[WhiteElo "2152"]
[BlackElo "2371"]
[PlyCount "148"]
[EventDate "2021.10.19"]
[EventType "swiss"]
[EventRounds "9"]
[EventCountry "UKR"]
[SourceTitle "EXT 2023"]
[Source "ChessBase"]
[SourceDate "2022.10.05"]
[SourceVersion "1"]
[SourceVersionDate "2022.10.05"]
[SourceQuality "1"]

1. e4 c5 2. c4 Nc6 3. Nc3 g6 4. g3 Bg7 5. Bg2 d6 6. d3 Nd4 7. Nge2 Nf6 8. Nxd4 cxd4 9. Ne2 Nd7 10. 0-0 0-0 11. Rb1 Rb8 12. b4 a5 13. a3 axb4 14. axb4 b5 15. cxb5 Rxb5 16. Bd2 Rb8 17. f4 Ba6 18. Rf3 Qb6 19. Rc1 Bb5 20. g4 Rfc8 21. Qe1 Rxc1 22. Nxc1 Rc8 23. Rf2 Rc2 24. Bf3 Qa6 25. Bd1 Rb2 26. Rf3 Qa3 27. h3 Rb1 28. Bc2 Ra1 29. Qd1 Nb6 30. Rf1 Qb2 31. f5 Ba4 32. Bxa4 Nxa4 33. fxg6 hxg6 34. Qe2 Be5 35. Qf2 f6 36. g5 Nc3 37. gxf6 exf6 38. Qg2 Kh7 39. Qf2 Kg8 40. Qg2 Kf7 41. h4 Nb1 42. Bh6 Qxg2+ 43. Kxg2 Nc3 44. Rf2 Rb1 45. Ne2 Rxb4 46. Nf4 Nd1 47. Ra2 Rb2+ 48. Rxb2 Nxb2 49. Kf3 Kg8 50. Nd5 Nxd3 51. Bd2 Kf7 52. Ke2 Nc5 53. Kf3 Nb7 54. Bb4 Nd8 55. Be1 Nc6 56. Ke2 Ne7 57. Nb4 Ke6 58. Kd3 d5 59. exd5+ Nxd5 60. Nc6 Nf4+ 61. Kc4 d3 62. Nb4 Kf5 63. h5 Nxh5 64. Kxd3 Nf4+ 65. Kd2 Ke4 66. Nc2 g5 67. Bf2 g4 68. Ne1 Bc7 69. Bg3 Ba5+ 70. Kd1 Bxe1 71. Kxe1 Kf3 72. Bh2 g3 73. Bg1 Ne2 74. Bb6 f5 1-0

[Event "Black Sea GP"]
[Site "Evpatoria"]
[Date "2021.10.19"]
[Round "1"]
[White "Aryslanov, Leonidas"]
[Black "Polukhin, Alexander"]
[Result "0-1"]
[WhiteElo "1121"]
[BlackElo "2152"]
[PlyCount "80"]
[EventDate "2021.10.19"]
[EventType "swiss"]
[EventRounds "9"]
[EventCountry "UKR"]
[SourceTitle "EXT 2023"]
[Source "ChessBase"]
[SourceDate "2022.10.05"]
[SourceVersion "1"]
[SourceVersionDate "2022.10.05"]
[SourceQuality "1"]

1. e4 e6 2. d4 d5 3. exd5 exd5 4. Qe2+ Be7 5. Bg5 Nc6 6. Nf3 h6 7. Bxe7 Ngxe7 8. c4 0-0 9. Nc3 Re8 10. 0-0-0 Bf5 11. Qd2 a6 12. cxd5 Nxd5 13. Bc4 Ndb4 14. a3 Na5 15. b3 Nxc4 16. bxc4 Nd3+ 17. Kb1 Nxf2+ 18. Ka1 Nxh1 19. Rxh1 Qe7 20. c5 Rad8 21. Re1 Qd7 22. Rxe8+ Rxe8 23. Ne5 Rxe5 24. Qf4 Re1+ 25. Ka2 Qe6+ 26. d5 Qe5 27. Qxe5 Rxe5 28. d6 Rxc5 29. dxc7 Rxc3 30. c8Q+ Rxc8 31. Kb3 Be6+ 32. Kb4 b6 33. a4 Rc4+ 34. Kb3 b5 35. axb5 axb5 36. Ka3 b4+ 37. Ka2 Rc2+ 38. Ka1 b3 39. Kb1 Bf5 40. Ka1 Ra2# 0-1

[Event "Moscow op-A 17th"]
[Site "Moscow"]
[Date "2021.02.21"]
[Round "2"]
[White "Polukhin, Alexander"]
[Black "Arutyunova, Yuliya"]
[Result "1-0"]
[WhiteElo "2105"]
[BlackElo "1802"]
[PlyCount "71"]
[EventDate "2021.02.20"]
[EventType "swiss"]
[EventRounds "9"]
[EventCountry "RUS"]
[SourceTitle "CBM 200 Extra"]
[Source "ChessBase"]
[SourceDate "2021.03.31"]
[SourceVersion "1"]
[SourceVersionDate "2021.03.31"]
[SourceQuality "1"]

1. e4 c5 2. c4 e6 3. Nc3 d6 4. g3 Nc6 5. Bg2 Nf6 6. Nge2 Be7 7. d3 a6 8. 0-0 0-0 9. h3 Bd7 10. f4 Qc8 11. g4 Rb8 12. g5 Ne8 13. Ng3 Nd4 14. Nce2 b5 15. b3 f6 16. h4 Bc6 17. Be3 e5 18. f5 g6 19. Bh3 Bd7 20. cxb5 axb5 21. Rc1 Qa6 22. Nc3 Nc7 23. h5 fxg5 24. hxg6 hxg6 25. fxg6 Rxf1+ 26. Nxf1 g4 27. Bxg4 Qc8 28. Bxd7 Qxd7 29. Qh5 Bf6 30. Nh2 b4 31. Ng4 Bh8 32. Rf1 bxc3 33. Rf7 Qxf7 34. gxf7+ Kg7 35. Bh6+ Kh7 36. Bf8# 1-0

[Event "Voronezh op-B 23rd"]
[Site "Voronezh"]
[Date "2019.06.14"]
[Round "3"]
[White "Kocharyan, Hayk"]
[Black "Polukhin, Alexander"]
[Result "0-1"]
[WhiteElo "1667"]
[BlackElo "1968"]
[PlyCount "80"]
[EventDate "2019.06.12"]
[EventType "swiss"]
[EventRounds "9"]
[EventCountry "RUS"]
[SourceTitle "EXT 2020"]
[Source "ChessBase"]
[SourceDate "2019.10.17"]
[SourceVersion "1"]
[SourceVersionDate "2019.10.17"]
[SourceQuality "1"]

1. c4 f5 2. Nc3 Nf6 3. g3 g6 4. Bg2 Bg7 5. Nf3 d6 6. d3 0-0 7. 0-0 Nc6 8. Rb1 e5 9. Ne1 h6 10. Nc2 g5 11. Ne3 Ne7 12. b4 f4 13. Ned5 h5 14. Nxe7+ Qxe7 15. e3 fxg3 16. fxg3 g4 17. Nd5 Nxd5 18. Bxd5+ Kh8 19. Rxf8+ Qxf8 20. Rb2 c6 21. Rf2 Qe7 22. Bg2 Be6 23. Qf1 d5 24. a3 Rd8 25. c5 Ra8 26. Bb2 a5 27. d4 axb4 28. axb4 e4 29. Bc3 Bh6 30. Qe1 Kg8 31. Qc1 Qg5 32. Bd2 Ra2 33. Rf4 Qd8 34. Rf1 Qa8 35. Re1 Qa4 36. Kf1 Qa6+ 37. Kf2 Qd3 38. Re2 Bxe3+ 39. Ke1 Bxd2+ 40. Rxd2 Qe3+ 0-1

[Event "Voronezh op-B 22nd"]
[Site "Voronezh"]
[Date "2018.06.20"]
[Round "9"]
[White "Katyshkina, Anastasia"]
[Black "Polukhin, Alexander"]
[Result "1-0"]
[WhiteElo "2035"]
[BlackElo "1809"]
[PlyCount "67"]
[EventDate "2018.06.12"]
[EventType "swiss"]
[EventRounds "9"]
[EventCountry "RUS"]
[SourceTitle "CBM 185 Extra"]
[Source "ChessBase"]
[SourceDate "2018.07.29"]
[SourceVersion "1"]
[SourceVersionDate "2018.07.29"]
[SourceQuality "1"]

1. e4 e6 2. Nf3 d5 3. Nc3 d4 4. Ne2 c5 5. Ng3 Nc6 6. Bb5 Bd7 7. 0-0 Nf6 8. d3 a6 9. Bxc6 Bxc6 10. Ne5 Qc7 11. f4 Be7 12. Bd2 Nd7 13. Nxc6 Qxc6 14. a3 b5 15. f5 e5 16. Nh5 Rg8 17. Ng3 Nf6 18. c3 Qd6 19. c4 Qc6 20. Rc1 Rb8 21. b4 Nd7 22. cxb5 Qxb5 23. a4 Qb6 24. bxc5 Nxc5 25. Qh5 h6 26. a5 Qd6 27. f6 Bxf6 28. Nf5 Qf8 29. Nxh6 gxh6 30. Rxf6 Nxd3 31. Rcf1 Rb7 32. Qf5 Qc5 33. Rxf7 Qc6 34. Rxb7 1-0

[Event "Voronezh op-B 22nd"]
[Site "Voronezh"]
[Date "2018.06.14"]
[Round "3"]
[White "Polukhin, Alexander"]
[Black "Beldyugin, Alexey"]
[Result "0-1"]
[WhiteElo "1809"]
[BlackElo "2113"]
[PlyCount "84"]
[EventDate "2018.06.12"]
[EventType "swiss"]
[EventRounds "9"]
[EventCountry "RUS"]
[SourceTitle "CBM 185 Extra"]
[Source "ChessBase"]
[SourceDate "2018.07.29"]
[SourceVersion "1"]
[SourceVersionDate "2018.07.29"]
[SourceQuality "1"]

1. d4 d6 2. Nf3 g6 3. Bf4 Bg7 4. e3 c6 5. Be2 Qb6 6. Qc1 Nd7 7. Nbd2 Ngf6 8. h3 0-0 9. 0-0 Qc7 10. c4 e5 11. Bh2 c5 12. Rd1 Re8 13. Bf1 b6 14. Rb1 a5 15. a3 a4 16. b4 axb3 17. Rxb3 Bb7 18. d5 e4 19. Ne1 Ra6 20. Nb1 Bc8 21. Nc3 Ne5 22. Nb5 Qb8 23. Qb1 h5 24. Nc3 Bf5 25. Rd2 g5 26. Rdb2 Nfd7 27. f3 Bg6 28. fxe4 Qd8 29. Nf3 g4 30. hxg4 hxg4 31. Nxe5 Bxe5 32. Bxe5 Rxe5 33. g3 Qg5 34. Re2 Kg7 35. Bg2 Ra8 36. Nb5 Qe7 37. Rf2 Ra4 38. Qc2 Nf6 39. Rb1 Ra8 40. Nc3 Nxe4 41. Nxe4 Bxe4 42. Qc3 Bxb1 0-1